[Event "IECG ZL.2006.0.00040"]
[Site "IECG email"]
[Date "2006.09.13"]
[Round "?"]
[White "Newton, Lynn"]
[Black "Petria, Florin"]
[Result "1-0"]
[WhiteElo "1000"]
[BlackElo "1000"]
[PlyCount "79"]
[EventDate "2006.09.13"]
[EventType "match (corr)"]
[EventRounds "2"]
[SourceTitle "Corr 2008"]
[Source "ChessBase"]
[SourceDate "2008.06.24"]
[SourceVersion "1"]
[SourceVersionDate "2008.06.24"]
[SourceQuality "1"]

1. e4 e5 2. Nf3 Nf6 3. Nxe5 d6 4. Nf3 Nxe4 5. d4 d5 6. Bd3 Bd6 7. 0-0 0-0 8. c4 c6 9. cxd5 cxd5 10. Nc3 Nxc3 11. bxc3 Nd7 12. Re1 Nb6 13. Ne5 f5 14. a4 Qf6 15. a5 Nd7 16. Qb3 Nxe5 17. dxe5 Qe6 18. Bg5 Be7 19. Bxe7 Qxe7 20. c4 d4 21. c5+ Be6 22. Bc4 Bxc4 23. Qxc4+ Kh8 24. Qxd4 Rad8 25. Qb4 Rd5 26. Rac1 f4 27. e6 f3 28. g3 Re8 29. Qc3 Rf5 30. a6 bxa6 31. Qd4 Qg5 32. Qd7 Qh5 33. e7 h6 34. h4 Rf4 35. c6 Rxh4 36. Qxe8+ Qxe8 37. Re6 Rb4 38. c7 Kh7 39. c8Q Rb8 40. Qxb8 1-0

[Event "IECG ZL.2006.0.00039"]
[Site "IECG email"]
[Date "2006.09.12"]
[Round "?"]
[White "Mouratides, Christophoros"]
[Black "Newton, Lynn"]
[Result "1-0"]
[WhiteElo "1000"]
[BlackElo "1000"]
[PlyCount "65"]
[EventDate "2006.09.12"]
[EventType "match (corr)"]
[EventRounds "2"]
[SourceTitle "Corr 2008"]
[Source "ChessBase"]
[SourceDate "2008.06.24"]
[SourceVersion "1"]
[SourceVersionDate "2008.06.24"]
[SourceQuality "1"]

1. d4 Nf6 2. c4 e6 3. Nf3 d5 4. Bg5 Bb4+ 5. Nc3 h6 6. Bxf6 Qxf6 7. e3 0-0 8. Rc1 Nc6 9. cxd5 exd5 10. a3 Ba5 11. b4 Nxb4 12. axb4 Bxb4 13. Qb3 Bxc3+ 14. Rxc3 c6 15. Bd3 Bf5 16. Bxf5 Qxf5 17. 0-0 Rfb8 18. Ra1 a5 19. Qb6 Ra6 20. Qc7 Qc8 21. Qxc8+ Rxc8 22. Ne5 a4 23. Nd3 Rca8 24. Nc5 R6a7 25. Rca3 b5 26. Nd3 Rb7 27. Nb4 Rb6 28. Rc1 Kf8 29. Kf1 Ke8 30. Rxc6 Rxc6 31. Nxc6 Kd7 32. Nb4 Ke6 33. Ke2 1-0

[Event "LSS SL-2006-0-00047"]
[Site "LSS email"]
[Date "2006.09.11"]
[Round "?"]
[White "Newton, Lynn"]
[Black "Pietrzak, Wojciech"]
[Result "1/2-1/2"]
[WhiteElo "1099"]
[BlackElo "1067"]
[PlyCount "30"]
[EventDate "2006.08.14"]
[EventType "tourn (corr)"]
[EventRounds "10"]
[EventCountry "GER"]
[SourceTitle "Corr 2015"]
[Source "ChessBase"]
[SourceDate "2015.07.17"]
[SourceVersion "1"]
[SourceVersionDate "2015.07.17"]
[SourceQuality "1"]

1. b4 c6 2. e3 a5 3. b5 d5 4. Nf3 Bg4 5. h3 Bh5 6. g4 Bg6 7. Ne5 e6 8. h4 f6 9. Nxg6 hxg6 10. Bb2 Qb6 11. Bd3 Kf7 12. Nc3 Bd6 13. g5 fxg5 14. Qf3+ Nf6 15. hxg5 Rxh1+ 1/2-1/2

[Event "IECG SL.2006.0.00047"]
[Site "IECG email"]
[Date "2006.08.14"]
[Round "?"]
[White "Gyimesi, Jenoe"]
[Black "Newton, Lynn"]
[Result "1-0"]
[WhiteElo "1000"]
[BlackElo "1000"]
[PlyCount "41"]
[EventDate "2006.08.14"]
[EventType "tourn (corr)"]
[EventRounds "6"]
[SourceTitle "Corr 2008"]
[Source "ChessBase"]
[SourceDate "2008.06.24"]
[SourceVersion "1"]
[SourceVersionDate "2008.06.24"]
[SourceQuality "1"]

1. d4 Nf6 2. c4 e6 3. Nf3 d5 4. Nc3 Bb4 5. Qa4+ Nc6 6. a3 Bxc3+ 7. bxc3 0-0 8. Bg5 h6 9. Bh4 Bd7 10. cxd5 Nxd4 11. Qxd4 exd5 12. e3 Re8 13. Rb1 c5 14. Bxf6 cxd4 15. Bxd8 dxc3 16. Ba5 c2 17. Rc1 Rac8 18. Kd2 Bf5 19. Nd4 Bh7 20. Nxc2 b6 21. Bc3 1-0

[Event "IECG RL.2006.0.00051"]
[Site "IECG email"]
[Date "2006.07.20"]
[Round "?"]
[White "Werbrouck, Jean Michel"]
[Black "Newton, Lynn"]
[Result "0-1"]
[WhiteElo "1032"]
[BlackElo "1000"]
[PlyCount "56"]
[EventDate "2006.07.20"]
[EventType "tourn (corr)"]
[EventRounds "6"]
[SourceTitle "Corr 2008"]
[Source "ChessBase"]
[SourceDate "2008.06.24"]
[SourceVersion "1"]
[SourceVersionDate "2008.06.24"]
[SourceQuality "1"]

1. e4 c5 2. Nf3 d6 3. d4 cxd4 4. Nxd4 Nf6 5. Nc3 a6 6. Bg5 e6 7. f4 Qc7 8. Qe2 Be7 9. g3 Nc6 10. Nxc6 bxc6 11. Bg2 Rb8 12. b3 Qa5 13. Qd2 d5 14. Bxf6 Bxf6 15. e5 Be7 16. Ne4 Qxd2+ 17. Nxd2 f6 18. Nf3 Bb4+ 19. Kf2 Bc5+ 20. Ke2 Rf8 21. Rad1 a5 22. Nd4 Ba6+ 23. Ke3 fxe5 24. fxe5 Rf5 25. Bf1 Rxe5+ 26. Kf4 Re4+ 27. Kf3 Bxf1 28. Rhxf1 Bxd4 0-1